<?xml version="1.0" encoding="UTF-8"?>
<record
    xmlns:xsi="http://www.w3.org/2001/XMLSchema-instance"
    xsi:schemaLocation="http://www.loc.gov/MARC21/slim http://www.loc.gov/standards/marcxml/schema/MARC21slim.xsd"
    xmlns="http://www.loc.gov/MARC21/slim">

  <leader>02933cam a2200457 i 4500</leader>
  <datafield tag="999" ind1=" " ind2=" ">
    <subfield code="c">8206</subfield>
    <subfield code="d">8206</subfield>
  </datafield>
  <controlfield tag="001">19952116</controlfield>
  <controlfield tag="003">OSt</controlfield>
  <controlfield tag="005">20190923115457.0</controlfield>
  <controlfield tag="008">170606s2017    ii       b    001 0 eng d</controlfield>
  <datafield tag="010" ind1=" " ind2=" ">
    <subfield code="a">  2017329056</subfield>
  </datafield>
  <datafield tag="020" ind1=" " ind2=" ">
    <subfield code="a">9789351482130</subfield>
  </datafield>
  <datafield tag="020" ind1=" " ind2=" ">
    <subfield code="a">9351482138</subfield>
  </datafield>
  <datafield tag="025" ind1=" " ind2=" ">
    <subfield code="a">I-E-2017329056; 05; 13-91</subfield>
  </datafield>
  <datafield tag="035" ind1=" " ind2=" ">
    <subfield code="a">(OCoLC)ocn989069650</subfield>
  </datafield>
  <datafield tag="035" ind1=" " ind2=" ">
    <subfield code="a">(OCoLC)989069650</subfield>
  </datafield>
  <datafield tag="037" ind1=" " ind2=" ">
    <subfield code="b">Library of Congress -- New Delhi Overseas Office</subfield>
  </datafield>
  <datafield tag="040" ind1=" " ind2=" ">
    <subfield code="a">VUT</subfield>
    <subfield code="b">eng</subfield>
    <subfield code="e">rda</subfield>
    <subfield code="c">VUT</subfield>
    <subfield code="d">OCLCF</subfield>
    <subfield code="d">DKAGE</subfield>
    <subfield code="d">OCLCQ</subfield>
    <subfield code="d">DLC</subfield>
  </datafield>
  <datafield tag="042" ind1=" " ind2=" ">
    <subfield code="a">lccopycat</subfield>
    <subfield code="a">lcode</subfield>
  </datafield>
  <datafield tag="043" ind1=" " ind2=" ">
    <subfield code="a">a-ii---</subfield>
  </datafield>
  <datafield tag="050" ind1="0" ind2="0">
    <subfield code="a">BL2015.R44</subfield>
    <subfield code="b">C66 2016</subfield>
  </datafield>
  <datafield tag="082" ind1="0" ind2="4">
    <subfield code="a">200.954</subfield>
    <subfield code="2">23</subfield>
    <subfield code="b">SE469R</subfield>
  </datafield>
  <datafield tag="111" ind1="2" ind2=" ">
    <subfield code="a">Conference in Implicit Religion and Secular Spirituality in India</subfield>
    <subfield code="d">(2016 :</subfield>
    <subfield code="c">Hyderabad, India),</subfield>
    <subfield code="j">author.</subfield>
  </datafield>
  <datafield tag="245" ind1="1" ind2="0">
    <subfield code="a">Religion, spirituality &amp; secularity in multi-religious India :</subfield>
    <subfield code="b">visions &amp; experiments /</subfield>
    <subfield code="c">editor, Israel Selvanayagam.</subfield>
  </datafield>
  <datafield tag="246" ind1="3" ind2="0">
    <subfield code="a">Religion, spirituality and secularity in multi-religious India</subfield>
  </datafield>
  <datafield tag="264" ind1=" " ind2="1">
    <subfield code="a">Pune, India :</subfield>
    <subfield code="b">Association of Theological Teachers in India (ATTI) ;</subfield>
    <subfield code="a">New Delhi, India :</subfield>
    <subfield code="b">Christian World Imprints,</subfield>
    <subfield code="c">2017.</subfield>
  </datafield>
  <datafield tag="264" ind1=" " ind2="4">
    <subfield code="c">&#xA9;2017</subfield>
  </datafield>
  <datafield tag="300" ind1=" " ind2=" ">
    <subfield code="a">xv, 171 pages ;</subfield>
    <subfield code="c">25 cm</subfield>
  </datafield>
  <datafield tag="336" ind1=" " ind2=" ">
    <subfield code="a">text</subfield>
    <subfield code="b">txt</subfield>
    <subfield code="2">rdacontent</subfield>
  </datafield>
  <datafield tag="337" ind1=" " ind2=" ">
    <subfield code="a">unmediated</subfield>
    <subfield code="b">n</subfield>
    <subfield code="2">rdamedia</subfield>
  </datafield>
  <datafield tag="338" ind1=" " ind2=" ">
    <subfield code="a">volume</subfield>
    <subfield code="b">nc</subfield>
    <subfield code="2">rdacarrier</subfield>
  </datafield>
  <datafield tag="504" ind1=" " ind2=" ">
    <subfield code="a">Includes bibliographical references and index.</subfield>
  </datafield>
  <datafield tag="505" ind1="0" ind2="0">
    <subfield code="t">Is implicit religion and secular spirituality only a Western concept and experience?: a keynote presentation /</subfield>
    <subfield code="r">Edward Bailey --</subfield>
    <subfield code="t">Defining religion in 'Hindu' India: a review of major attempts /</subfield>
    <subfield code="r">Israel Selvanayagam --</subfield>
    <subfield code="t">North east Indian secular spirituality?: an exploration towards sacred-secular spirituality /</subfield>
    <subfield code="r">Songram Basumatary --</subfield>
    <subfield code="t">Religion and secular spirituality in India: an Islamic perspective /</subfield>
    <subfield code="r">Mohd Fahim Akhtar --</subfield>
    <subfield code="t">Islamic spirituality in secular India: some modern thinkers /</subfield>
    <subfield code="r">M.M. Abraham --</subfield>
    <subfield code="t">Secular spirituality from an Ao Naga tribal woman perspective /</subfield>
    <subfield code="r">Asangla Lemtur --</subfield>
    <subfield code="t">Religion and secular spirituality in tribal traditions of NEI: a feminist perspective /</subfield>
    <subfield code="r">T. Vanlaltlani --</subfield>
    <subfield code="t">Secular spirituality of people's movements in the context of religious pluralism: a feminist perspective /</subfield>
    <subfield code="r">Gabriele Dietrich --</subfield>
    <subfield code="t">Understanding religion and spirituality in current debates on secularism in India /</subfield>
    <subfield code="r">Densingh Oliver --</subfield>
    <subfield code="t">Freedom of religion in secular India: from a legal perspective /</subfield>
    <subfield code="r">Faizan Mustafa --</subfield>
    <subfield code="t">Human sex, sacred or profane?: Hindu-Christian perceptions /</subfield>
    <subfield code="r">Israel Selvanayagam --</subfield>
    <subfield code="t">Environmental spirituality /</subfield>
    <subfield code="r">W.S. Annie.</subfield>
  </datafield>
  <datafield tag="650" ind1=" " ind2="0">
    <subfield code="a">Religious pluralism</subfield>
    <subfield code="z">India</subfield>
    <subfield code="v">Congresses.</subfield>
  </datafield>
  <datafield tag="650" ind1=" " ind2="0">
    <subfield code="a">Implicit religion</subfield>
    <subfield code="z">India</subfield>
    <subfield code="v">Congresses.</subfield>
  </datafield>
  <datafield tag="650" ind1=" " ind2="0">
    <subfield code="a">Spirituality</subfield>
    <subfield code="z">India</subfield>
    <subfield code="v">Congresses.</subfield>
  </datafield>
  <datafield tag="650" ind1=" " ind2="0">
    <subfield code="a">Secularism</subfield>
    <subfield code="z">India</subfield>
    <subfield code="v">Congresses.</subfield>
  </datafield>
  <datafield tag="700" ind1="1" ind2=" ">
    <subfield code="a">Celvan&#x101;yakam, Isray&#x113;l,</subfield>
    <subfield code="e">editor.</subfield>
  </datafield>
  <datafield tag="906" ind1=" " ind2=" ">
    <subfield code="a">7</subfield>
    <subfield code="b">cbc</subfield>
    <subfield code="c">copycat</subfield>
    <subfield code="d">3</subfield>
    <subfield code="e">ncip</subfield>
    <subfield code="f">20</subfield>
    <subfield code="g">y-gencatlg</subfield>
  </datafield>
  <datafield tag="942" ind1=" " ind2=" ">
    <subfield code="2">ddc</subfield>
    <subfield code="c">BK</subfield>
  </datafield>
  <datafield tag="952" ind1=" " ind2=" ">
    <subfield code="0">0</subfield>
    <subfield code="1">0</subfield>
    <subfield code="2">ddc</subfield>
    <subfield code="4">0</subfield>
    <subfield code="7">0</subfield>
    <subfield code="8">NFIC</subfield>
    <subfield code="a">HMC</subfield>
    <subfield code="b">HMC</subfield>
    <subfield code="d">2019-09-23</subfield>
    <subfield code="g">650.00</subfield>
    <subfield code="l">0</subfield>
    <subfield code="o">200.954 SE469R</subfield>
    <subfield code="p">009311</subfield>
    <subfield code="r">2019-09-23 00:00:00</subfield>
    <subfield code="w">2019-09-23</subfield>
    <subfield code="y">BK</subfield>
  </datafield>
</record>
